000 00848nam a22002417a 4500
005 20080626104633.0
008 080618t xxu||||| |||| 00| 0 eng d
010 _aENG-90412
020 _c695.00
_a8131304242
035 _aEN-73945
037 _bDBAD / PUB
040 _aDPL
_bEN
082 _a808.882
100 _aManoranjan Kumar
245 _aDictionary of quotations /
_cby Manoranjan Kumar
260 _aNew Delhi
_bAPH Publishing Corporation
_c2008
260 _a
_b
270 _a4435-36/7, Ansri Road, Darya Ganj,
_bNew Delhi
_e110002
300 _a296p.
_c23 cm (Hb)
500 _aincludes index
942 _cEN
_h808.882
_2ddc
_mMAN
999 _c14065
_d14065